00682nam a2200169 a 4500008004100000020001500041050001400056100002000070245003300090246005500123260004500178300002000223350000900243995011300252999001700365952013000382120416s1972 ||||||||||||||||| || u a0195016173 aDT 31 Gib aGibson, Richard10aAfrican liberation movements acontemporary struggles against white minority rule aLondonbCambridge University Pressc1972 ax, 350p. : ill. a0.00 D0.00FCBU-MAIN LIBRARY (Kitwe)H1I250000.00M1UAVAILABLEWAug 2, 2006ZMain Library Open Access Collection c33772d33772 00102lcc4070a001b001cMain Library Open Access Collectiond2022-11-30l0oDT 31 Gibp000719r2022-11-30w2022-11-30y002